000 00442 a2200169 4500
005 20250618153041.0
020 _a0-07-231978-X
082 _a 658.4 STR
100 _aSTRICKLAND . A .J
245 _aCases in Strategic Management
250 _a12th Ed.
260 _aNew York
_bMcGrwa-Hill Irwin
_c2001.
300 _axxiv, 615p.: ill.; figures, tables
_c25cm
700 _aArthur A. Thompson
700 _aJohn Gamble
942 _2ddc
_cBKS
999 _c4323
_d4323